000 00443cam a2200193ua 4500
001 8771
008 150214n ii |||gr||||Z||||||asm
040 _cMAIN
041 _aasm
082 _a303.4
100 _aBora, B.,
_eAuthor.
245 1 _aSamajic parivartan
_cBy Bhadreswar Bora
250 _a3rd.
260 _aDibrugarh:
_bStudent,
_c2000.
300 _a192p.
653 _aSocial processes
653 _aSocial change
942 _cBK
999 _c7868
_d7868